Operating systems <an> advance course

Guardado en:
Detalles Bibliográficos
Otros Autores: Bayer, R.
Formato: Libro
Lenguaje:inglés
Publicado: Berlin Springer 1978
Colección:Lecture notes in computer science 60
Etiquetas: Agregar Etiqueta
Sin Etiquetas, Sea el primero en etiquetar este registro!

MARC

LEADER 00000nam a2200000 4500
001 0223444
005 20240822101704.9
041 0 |a eng 
044 |a DE 
245 1 0 |a Operating systems  |b <an> advance course  |c ed. R. Bayer 
264 1 |a Berlin  |b Springer  |c 1978 
300 |a 593 s. 
490 1 |a Lecture notes in computer science  |v 60 
830 0 |a Lecture notes in computer science  |v 60 
700 1 |a Bayer, R.